NBA Players from Oklahoma State - Statistics

General Stats
  • This quiz has been taken 32 times
    5 since last reset
  • The average score is 5 of 31
Answer Stats
Position Player Draft Year % Correct
PG Cade Cunningham 2021
100%
PG Marcus Smart 2014
75%
C Bryant Reeves 1995
50%
SG Tony Allen 2004
50%
G Brooks Thompson 1994
25%
G Corey Williams 1992
25%
GF Desmond Mason 2000
25%
F Ivan McFarlin 2005
25%
G Joey Graham 2005
25%
SG Lindy Waters III 2020
25%
GF Stephen Graham 2005
25%
F Bob A. Harris 1949
0%
F Byron Houston 1992
0%
SF Cameron McGriff 2020
0%
G Doyle Parrack N/A
0%
GF James Anderson 2010
0%
G JamesOn Curry 2007
0%
PG Javon Small 2025
0%
PG Jawun Evans 2017
0%
G Joe Bradley 1949
0%
PG John Lucas 2005
0%
SG John Starks 1988
0%
SF Leroy Combs 1983
0%
G Lonnie Eggleston 1947
0%
SG Markel Brown 2014
0%
G Maurice Baker 2002
0%
SG Melvin Sanders 2003
0%
C Moussa Cissé 2025
0%
SF Richard Dumas 1991
0%
SF Terrel Harris 2009
0%
FC Thomas Jordan 1990
0%
No matching quizzes found
Score Distribution
Percent of People with Each Score
Percentile by Number Answered
Your Score History
You have not taken this quiz since the last reset